000 01994nam0a2200397 4500
001 RU\NLR\bibl\822080
005 20260407125019.0
010 _a5-98244-020-5
_9230
021 _aRU
_b2005-33607
_91684
035 _a(NLR Aleph) 000810991
090 _a1241062
_c1241062
100 _a20050720d2005 |||y0rusy50 ca
101 0 _arus
_deng
102 _aRU
105 _aa |||||||||
200 1 _aЗдоровье семьи - XXI век
_eматериалы IX международной научной конференции, 28 апреля - 8 мая 2005 года, г. Далянь, Китай
_f[редкол.: А. Я. Перевалов, гл. ред. и др.]
210 _aПермь
_cИзд-во ПОНИЦАА
_d2005
215 _a356 с.
_cил.
_d29
300 _aНа обл.: Family health in the XXI century
300 _aВ надзаг.: Рос. акад. естеств. наук, Урал. регион. центр питания
300 _aРез. докл. на англ. яз.
320 _aБиблиогр. в конце ст.
320 _aАвт. указ.: с. 354-356
512 1 _aFamily health in the XXI century
_zeng
606 1 _aСемья
_jСъезды, совещания и т.п.
_xЗдоровье
_91504362
_3RU\NLR\auth\66954438
606 1 _aМедицина
_jСъезды, совещания и т.п.
_9892737
_3RU\NLR\auth\662895
686 _aР.я431(0)
702 1 _aПеревалов
_bА. Я.
_gАлександр Яковлевич
_4340
711 1 2 _a"Здоровье семьи - XXI век", международная научная конференция
_d9
_f2005
_eДалянь
_3RU\NLR\AUTH\8810068451
_9638520
712 0 2 _4570
_aРоссийская академия естественных наук
_3RU\NLR\AUTH\889968404
_9433185
801 0 _aRU
_bNLR
_c20050720
_gPSBO
801 1 _aRU
_bNLR
_c20050720
942 _cBOOK
980 _aNB